Kluby La Liga - Statystyki

Ogólne statystyki
  • Ten quiz został rozwiązany 1 752 razy
  • Średni wynik to 12 z 20
Statystyki odpowiedzi
# Klub % Poprawnych
1 Barcelona
100%
3 Real Madryt
100%
2 Atletico Madryt
94%
6 Sevilla
81%
4 Valencia
79%
8 Athletic Bilbao
78%
9 Real Sociedad
73%
10 Real Betis
68%
14 Villarreal
65%
5 Getafe
59%
7 Espanyol
52%
18 Girona
48%
17 Celta Vigo
46%
15 Levante
44%
20 Rayo Vallecano
39%
11 Deportivo Alaves
38%
12 Eibar
35%
19 Huesca
33%
13 Leganes
30%
16 Real Valladoid
20%
Nie znaleziono quizów pasujących do podanych kryteriów
Rozkład punktacji
Procent ludzi z każdym wynikiem
Percentyl według liczby udzielonych odpowiedzi
Twoja historia wyników
Nie rozwiązałeś tego quizu